[Event "SK Bebenhausen - SK Schmiden/Cannstatt"]
[Site "?"]
[Date "2022.03.13"]
[Round "7.1"]
[White "Krockenberger, Martin"]
[Black "Braun, Georg"]
[Result "0-1"]
[WhiteElo "2244"]
[BlackElo "2396"]
[PlyCount "80"]
[EventDate "2022.??.??"]

1. d4 Nf6 2. Bg5 d5 3. Bxf6 gxf6 4. e3 c5 5. dxc5 e6 6. c4 dxc4 7. Qxd8+ Kxd8
8. Bxc4 Bxc5 9. Nf3 Ke7 10. Nc3 b6 11. a3 Bb7 12. Ke2 Nd7 13. Bd3 Rac8 14. Rhd1
Bd6 15. Be4 Ba6+ 16. Bd3 Bxd3+ 17. Rxd3 Nc5 18. Rdd1 Nb3 19. Ra2 Be5 20. Nxe5
fxe5 21. a4 Rhg8 22. g3 Na5 23. Rb1 Rc4 24. Ra3 Rgc8 25. Kd3 e4+ 26. Kc2 Nc6
27. Rd1 f5 28. Kb3 Ne5 29. Raa1 Nd3 30. Rd2 a5 31. Na2 R8c5 32. Ka3 Rc2 33.
Rad1 Nxb2 34. Rxc2 Rxc2 35. Rb1 Nxa4 36. Nb4 axb4+ 37. Kxa4 Rxf2 38. Kxb4 Rxh2
39. Kc3 Kf6 40. Rxb6 Re2 0-1

[Event "SK Bebenhausen - SK Schmiden/Cannstatt"]
[Site "?"]
[Date "2022.03.13"]
[Round "7.2"]
[White "Braeuning, Rudolf Wilhelm"]
[Black "Loehr, Markus"]
[Result "1-0"]
[WhiteElo "2188"]
[BlackElo "2230"]
[PlyCount "47"]
[EventDate "2022.??.??"]

1. e4 c6 2. d4 d5 3. exd5 cxd5 4. c4 Nf6 5. Nc3 Nc6 6. Bg5 Be6 7. Nge2 dxc4 8.
Nf4 Qxd4 9. Nxe6 Qe5+ 10. Be3 Qxe6 11. Qa4 Qc8 12. Bxc4 e6 13. Rc1 Be7 14. O-O
O-O 15. Bb5 a6 16. Bxc6 Qxc6 17. Qxc6 bxc6 18. Na4 Rac8 19. Nb6 Rc7 20. Bf4 Rb7
21. Rxc6 Rd8 22. Rfc1 Rxb6 23. Rxb6 Nd5 24. Rb8 1-0

[Event "SK Bebenhausen - SK Schmiden/Cannstatt"]
[Site "?"]
[Date "2022.03.13"]
[Round "7.3"]
[White "Thoma, Christian"]
[Black "Roth, Juergen Eugen"]
[Result "1/2-1/2"]
[WhiteElo "2180"]
[BlackElo "2169"]
[PlyCount "70"]
[EventDate "2022.??.??"]

1. d4 g6 2. c4 Bg7 3. e4 d6 4. Nc3 e5 5. Nge2 Nd7 6. Be3 Ngf6 7. f3 c6 8. Qd2
O-O 9. O-O-O Qa5 10. Kb1 b5 11. cxb5 cxb5 12. Nc1 a6 13. Nb3 Qc7 14. Rc1 Qb7
15. dxe5 dxe5 16. Na5 Qb8 17. Nc6 Qb7 18. Ne7+ Kh8 19. Ncd5 Nxd5 20. Nxd5 Nf6
21. Nxf6 Bxf6 22. h4 Be6 23. h5 Rfd8 24. Qf2 Rac8 25. Rxc8 Qxc8 26. Be2 g5 27.
Rc1 Qd7 28. Qe1 Rc8 29. Rxc8+ Qxc8 30. Qd2 h6 31. b3 Be7 32. Qc2 Qb7 33. Qc3 f6
34. Kb2 Kg7 35. Qd3 Bf7 1/2-1/2

[Event "SK Bebenhausen - SK Schmiden/Cannstatt"]
[Site "?"]
[Date "2022.03.13"]
[Round "7.4"]
[White "Frick, Christoph"]
[Black "Eisele, Steffen"]
[Result "1-0"]
[WhiteElo "2128"]
[BlackElo "2258"]
[PlyCount "83"]
[EventDate "2022.??.??"]

1. d4 g6 2. Nc3 Bg7 3. Bf4 c5 4. e3 cxd4 5. exd4 Qb6 6. Nf3 d6 7. Bb5+ Nc6 8.
Nd5 Qd8 9. O-O a6 10. Be2 e6 11. Ne3 Nge7 12. Nc4 Nf5 13. d5 e5 14. Bd2 Ncd4
15. Nxd4 exd4 16. Bd3 O-O 17. a4 Re8 18. Re1 Rxe1+ 19. Qxe1 Bd7 20. a5 Bb5 21.
Nb6 Bxd3 22. cxd3 Rb8 23. Qe4 h5 24. h3 Bf6 25. Bf4 Bg5 26. Re1 Bxf4 27. Qxf4
h4 28. Re4 Qc7 29. Qg5 Qc2 30. Rf4 Qxd3 31. Nd7 Rc8 32. Nf6+ Kg7 33. Ne4 Rc1+
34. Kh2 Qd1 35. Qf6+ Kg8 36. Qd8+ Kg7 37. Qf6+ Kg8 38. Qd8+ Kh7 39. Rxh4+ Nxh4
40. Qxh4+ Kg7 41. Qf6+ Kg8 42. Ng5 1-0

[Event "SF Deizisau 2 - SV NÃ¼rtingen"]
[Site "?"]
[Date "2022.03.13"]
[Round "7.2"]
[White "Dabo-Peranic, Robert"]
[Black "Mareck, Sascha"]
[Result "1-0"]
[WhiteElo "2287"]
[BlackElo "2129"]
[PlyCount "71"]
[EventDate "2022.??.??"]

1. d4 Nf6 2. c4 g6 3. Nc3 Bg7 4. e4 d6 5. Be2 O-O 6. Be3 e5 7. d5 Na6 8. h4 Nc5
9. Qc2 a5 10. h5 Ng4 11. Bxg4 Bxg4 12. f3 Bd7 13. h6 Bf6 14. g3 Bg5 15. f4 exf4
16. gxf4 Bf6 17. Bxc5 dxc5 18. O-O-O Bg4 19. Rd3 Bd4 20. Qg2 Bxc3 21. Rxc3 f5
22. e5 a4 23. Nh3 Bxh3 24. Rhxh3 Qe7 25. Rcd3 Ra6 26. Qd2 Rd8 27. Rh1 Qf8 28.
Kc2 Rb6 29. Qe3 Rb4 30. Rc3 b5 31. a3 Rxc4 32. Rxc4 bxc4 33. e6 Qe7 34. Qe5 Rd6
35. Re1 Rb6 36. Kc3 1-0

[Event "SF Deizisau 2 - SV NÃ¼rtingen"]
[Site "?"]
[Date "2022.03.13"]
[Round "7.4"]
[White "Gheng, Dominik"]
[Black "Aring, Gerd"]
[Result "1-0"]
[WhiteElo "2032"]
[BlackElo "2198"]
[PlyCount "75"]
[EventDate "2022.??.??"]

1. e4 c5 2. c4 Nc6 3. Nc3 g6 4. g3 Bg7 5. Bg2 e6 6. Nge2 Nge7 7. O-O O-O 8. a3
a5 9. d3 h6 10. Rb1 d6 11. Nb5 e5 12. f4 Be6 13. Nec3 Nd4 14. Nxd4 exd4 15. Nd5
Bxd5 16. cxd5 Kh7 17. b4 cxb4 18. axb4 a4 19. b5 f5 20. Ba3 Qd7 21. Qd2 Rfc8
22. Qb4 fxe4 23. dxe4 Rc5 24. e5 Nf5 25. Bh3 Rxd5 26. Bxf5 gxf5 27. exd6 d3 28.
Qc4 Rd4 29. Qc7 Qe6 30. Rbe1 Re4 31. Bb2 Rg8 32. Rxe4 Qxe4 33. d7 Bxb2 34.
d8=Q+ Kh8 35. Qde7 Bd4+ 36. Rf2 Rg7 37. Qxe4 fxe4 38. Qd8+ 1-0

[Event "SF Deizisau 2 - SV NÃ¼rtingen"]
[Site "?"]
[Date "2022.03.13"]
[Round "7.5"]
[White "Gold, Stefan"]
[Black "Rempeli, Alex"]
[Result "1/2-1/2"]
[WhiteElo "1990"]
[BlackElo "2077"]
[PlyCount "59"]
[EventDate "2022.??.??"]

1. d4 d5 2. Nf3 e6 3. e3 Nf6 4. Bd3 Nbd7 5. b3 Bd6 6. Bb2 b6 7. Nbd2 Bb7 8. O-O
O-O 9. Ne5 Ne4 10. f4 f6 11. Nxe4 dxe4 12. Nxd7 Qxd7 13. Bc4 b5 14. Be2 a5 15.
c4 b4 16. a3 Rfd8 17. c5 Bf8 18. axb4 axb4 19. Qe1 Rdb8 20. Rxa8 Bxa8 21. Qa1
Bd5 22. Qd1 g6 23. Qc2 Ra8 24. Ra1 Qc6 25. Rxa8 Qxa8 26. Bd1 Be7 27. Bc1 c6 28.
Bd2 Qa3 29. Bc1 Qa1 30. Qb2 1/2-1/2

[Event "SF Deizisau 2 - SV NÃ¼rtingen"]
[Site "?"]
[Date "2022.03.13"]
[Round "7.6"]
[White "Brenner, Markus"]
[Black "Doll, Michael"]
[Result "1/2-1/2"]
[WhiteElo "2091"]
[BlackElo "2152"]
[PlyCount "23"]
[EventDate "2022.??.??"]

1. e4 e6 2. b3 d5 3. Bb2 dxe4 4. Nc3 Nf6 5. Qe2 Nc6 6. Nxe4 Be7 7. Nf3 O-O 8.
g3 Nxe4 9. Qxe4 Qd5 10. Qxd5 exd5 11. Bg2 Bf5 12. O-O-O 1/2-1/2

[Event "SF Deizisau 2 - SV NÃ¼rtingen"]
[Site "?"]
[Date "2022.03.13"]
[Round "7.7"]
[White "Auch, Stefan"]
[Black "Jelica, Mara"]
[Result "1/2-1/2"]
[WhiteElo "2088"]
[BlackElo "2085"]
[PlyCount "28"]
[EventDate "2022.??.??"]

1. e4 c5 2. c3 d5 3. exd5 Qxd5 4. d4 Nf6 5. Nf3 Bg4 6. Be2 cxd4 7. cxd4 e6 8.
Nc3 Bb4 9. O-O Qa5 10. Qb3 O-O 11. a3 Bxc3 12. bxc3 Nbd7 13. h3 Bh5 14. c4 Qc7
1/2-1/2

[Event "SF Deizisau 2 - SV NÃ¼rtingen"]
[Site "?"]
[Date "2022.03.13"]
[Round "7.8"]
[White "Valkova, Angelika"]
[Black "Templin, Klaus-Dieter"]
[Result "1-0"]
[WhiteElo "2048"]
[BlackElo "2043"]
[PlyCount "29"]
[EventDate "2022.??.??"]

1. d4 Nf6 2. c4 g6 3. Nc3 d5 4. Bf4 Bg7 5. Nf3 O-O 6. Rc1 c6 7. e3 Be6 8. Ng5
Bf5 9. Qb3 h6 10. Nf3 g5 11. Bg3 dxc4 12. Qxb7 Nbd7 13. Bxc4 Ne4 14. Bc7 Nb6
15. Bxd8 1-0

[Event "SG SchwÃ¤bisch GmÃ¼nd - TSV SchÃ¶naich 2"]
[Site "?"]
[Date "2022.03.13"]
[Round "7.1"]
[White "Koelle, Tobias"]
[Black "Zimmermann, Ulrich"]
[Result "1-0"]
[WhiteElo "2378"]
[BlackElo "2280"]
[PlyCount "69"]
[EventDate "2022.??.??"]

1. d4 Nf6 2. c4 c5 3. d5 e6 4. Nc3 exd5 5. cxd5 d6 6. Nf3 g6 7. Nd2 Bg7 8. e4
O-O 9. Be2 a6 10. a4 Nbd7 11. O-O Re8 12. Qc2 Rb8 13. h3 Qc7 14. Nc4 Nb6 15.
Nxb6 Qxb6 16. Bf4 Bd7 17. Bh2 Rbc8 18. f4 Qb4 19. Bf3 c4 20. Kh1 b5 21. axb5
Bxb5 22. e5 Nd7 23. e6 fxe6 24. dxe6 Nc5 25. f5 Nd3 26. Bb7 Rb8 27. f6 Rxb7 28.
f7+ Kf8 29. fxe8=N+ Kxe8 30. Qe2 Nxb2 31. Qf3 Ra7 32. Nxb5 Qxb5 33. Bxd6 Kd8
34. e7+ Kd7 35. Rae1 1-0

[Event "SG SchwÃ¤bisch GmÃ¼nd - TSV SchÃ¶naich 2"]
[Site "?"]
[Date "2022.03.13"]
[Round "7.2"]
[White "Petrova, Kristyna"]
[Black "Richter, Nils"]
[Result "0-1"]
[WhiteElo "2267"]
[BlackElo "2365"]
[PlyCount "74"]
[EventDate "2022.??.??"]

1. e4 c5 2. Nf3 e6 3. d4 cxd4 4. Nxd4 Nc6 5. Nc3 Qc7 6. g3 a6 7. Bg2 Nf6 8. O-O
Nxd4 9. Qxd4 Bc5 10. Bf4 d6 11. Qd3 Nd7 12. Na4 e5 13. Bd2 b5 14. Nxc5 Nxc5 15.
Qe2 O-O 16. Rac1 Be6 17. b3 Rad8 18. Rfd1 h6 19. Qe1 Rc8 20. Bb4 Nb7 21. f4 a5
22. Ba3 f6 23. Qe2 Qb6+ 24. Kh1 Rf7 25. f5 Bd7 26. Rd2 Be8 27. Rcd1 b4 28. Bb2
Rfc7 29. g4 Bb5 30. Qf2 Qxf2 31. Rxf2 Rxc2 32. Rdd2 Rxb2 33. Rxb2 Rc1+ 34. Bf1
Bxf1 35. Rbc2 Rxc2 36. Rxc2 Nc5 37. Rd2 Bd3 0-1

[Event "SG SchwÃ¤bisch GmÃ¼nd - TSV SchÃ¶naich 2"]
[Site "?"]
[Date "2022.03.13"]
[Round "7.3"]
[White "Lorscheid, Gerhard"]
[Black "Jurek, Josef"]
[Result "1/2-1/2"]
[WhiteElo "2150"]
[BlackElo "2195"]
[PlyCount "29"]
[EventDate "2022.??.??"]

1. d4 Nf6 2. c4 e6 3. Nc3 Bb4 4. Qc2 O-O 5. e4 d6 6. Bd3 Nc6 7. Nge2 e5 8. d5
Nd4 9. Qd1 Nxe2 10. Qxe2 Bxc3+ 11. bxc3 Nd7 12. O-O Qe7 13. Be3 b6 14. Bc2 Nc5
15. f4 1/2-1/2

[Event "SG SchwÃ¤bisch GmÃ¼nd - TSV SchÃ¶naich 2"]
[Site "?"]
[Date "2022.03.13"]
[Round "7.4"]
[White "Weiss, Andreas"]
[Black "Brunner, Jan"]
[Result "1/2-1/2"]
[WhiteElo "2143"]
[BlackElo "2157"]
[PlyCount "160"]
[EventDate "2022.??.??"]

1. e4 c5 2. Nf3 Nc6 3. d4 cxd4 4. Nxd4 Nf6 5. Nc3 d6 6. Bg5 e6 7. Qd2 Be7 8. f3
Nxd4 9. Qxd4 O-O 10. O-O-O a6 11. Kb1 b5 12. h4 Qa5 13. Bd2 b4 14. Ne2 Rb8 15.
g4 e5 16. Qd3 Be6 17. Nc1 d5 18. g5 Nh5 19. Bh3 Rbd8 20. Bxe6 fxe6 21. Qb3 Qb5
22. Rhf1 a5 23. a4 Qc6 24. Rfe1 Bd6 25. Be3 Bc7 26. Bg1 Nf4 27. Bh2 Ng2 28. Re2
Nxh4 29. exd5 Rxd5 30. Rxd5 exd5 31. Bxe5 Rxf3 32. Nd3 Bb6 33. Bf4 Rf1+ 34. Ka2
Nf3 35. Ne5 Nxe5 36. Bxe5 Qc4 37. Bd6 Kf7 38. Re7+ Kg6 39. Be5 Qxb3+ 40. Kxb3
Rf3+ 41. Ka2 Kxg5 42. Rb7 Bd8 43. Rxg7+ Kf5 44. Bb8 Bf6 45. Rxh7 Rf2 46. Rc7
Be5 47. Rc8 Rg2 48. Bxe5 Kxe5 49. Rc5 Kd4 50. Rxa5 Rxc2 51. Kb3 Rh2 52. Rb5 Ke4
53. Rxb4+ d4 54. a5 Rh7 55. Ra4 Rb7+ 56. Kc2 Ke3 57. b4 d3+ 58. Kb3 d2 59. Ra1
Kd3 60. Rd1 Rb8 61. Rxd2+ Kxd2 62. Kc4 Ke3 63. b5 Ke4 64. Kc5 Ke5 65. Kc6 Ke6
66. b6 Ra8 67. b7 Rxa5 68. b8=Q Re5 69. Qb3+ Ke7 70. Qg3 Kf6 71. Kd6 Rf5 72.
Qe3 Rg5 73. Qe7+ Kf5 74. Qe3 Rg6+ 75. Kd5 Rg5 76. Qf3+ Kg6+ 77. Ke6 Kh6 78. Qf4
Kh5 79. Kf7 Rg4 80. Qf6 Rf4 1/2-1/2

[Event "SG SchwÃ¤bisch GmÃ¼nd - TSV SchÃ¶naich 2"]
[Site "?"]
[Date "2022.03.13"]
[Round "7.5"]
[White "Reck, Moritz"]
[Black "Hoenick, Andreas"]
[Result "1-0"]
[WhiteElo "2115"]
[BlackElo "2147"]
[PlyCount "75"]
[EventDate "2022.??.??"]

1. e4 c5 2. Nc3 Nc6 3. g3 g6 4. Bg2 Bg7 5. d3 d6 6. Be3 e5 7. Qd2 Be6 8. f4
Nge7 9. Nf3 Nd4 10. O-O O-O 11. Ne2 Rc8 12. c3 Nxf3+ 13. Bxf3 Qd7 14. d4 cxd4
15. cxd4 exf4 16. Nxf4 d5 17. e5 Rc4 18. b3 Rc7 19. Rac1 Rfc8 20. Rxc7 Rxc7 21.
Rc1 Rxc1+ 22. Qxc1 Nf5 23. Bf2 Bh6 24. Qc3 Ne7 25. a4 Bg4 26. Bg2 Bxf4 27. gxf4
Bd1 28. Bh4 Nc6 29. Bf6 Qf5 30. Bxd5 Qxf4 31. Bxc6 bxc6 32. h3 Bf3 33. Kf2 Qh2+
34. Ke3 Qxh3 35. Kd2 Qg2+ 36. Kc1 Bd5 37. Qb4 Qf1+ 38. Kb2 1-0

[Event "SG SchwÃ¤bisch GmÃ¼nd - TSV SchÃ¶naich 2"]
[Site "?"]
[Date "2022.03.13"]
[Round "7.6"]
[White "Bergner, Philipp"]
[Black "Kuebler, Marcus"]
[Result "1-0"]
[WhiteElo "2086"]
[BlackElo "1982"]
[PlyCount "119"]
[EventDate "2022.??.??"]

1. d4 d6 2. e4 g6 3. Nf3 Bg7 4. Be3 Nf6 5. Nc3 c6 6. Qd2 Ng4 7. Bg5 h6 8. Bh4
O-O 9. h3 Nf6 10. O-O-O Nbd7 11. e5 Ne8 12. Qe3 d5 13. e6 Ndf6 14. exf7+ Rxf7
15. Ne5 g5 16. Nxf7 Kxf7 17. Bg3 Nd6 18. Bd3 Nf5 19. Bxf5 Bxf5 20. Be5 Qa5 21.
g4 Bg6 22. f4 gxf4 23. Qxf4 Kg8 24. Kb1 b5 25. g5 Nh5 26. Qe3 b4 27. Ne2 Kh7
28. Bxg7 Nxg7 29. gxh6 Nf5 30. Qe6 Rf8 31. Nf4 Rf6 32. Qe5 Bf7 33. Rdf1 Qd8 34.
Nh5 Bxh5 35. Rxf5 Bg6 36. Rxf6 exf6 37. Qf4 Qe7 38. Qd2 c5 39. Re1 Qd6 40. dxc5
Qxc5 41. h4 Be4 42. Rf1 f5 43. h5 Qb6 44. Qg5 Qxh6 45. Rxf5 Bxf5 46. Qxf5+ Kh8
47. Qe5+ Kh7 48. Qxd5 Qb6 49. Qf5+ Kh8 50. Qf8+ Kh7 51. Qf7+ Kh8 52. Qe8+ Kg7
53. Qg6+ Qxg6 54. hxg6 Kxg6 55. a3 bxa3 56. b3 Kf5 57. Ka2 Ke4 58. Kxa3 Kd4 59.
Kb4 Kd5 60. Kb5 1-0

[Event "SG SchwÃ¤bisch GmÃ¼nd - TSV SchÃ¶naich 2"]
[Site "?"]
[Date "2022.03.13"]
[Round "7.7"]
[White "Stukenbrok, Nils"]
[Black "Pohl, Walter"]
[Result "1-0"]
[WhiteElo "2041"]
[BlackElo "2100"]
[PlyCount "71"]
[EventDate "2022.??.??"]

1. d4 d5 2. c4 Nc6 3. Nf3 Bg4 4. cxd5 Bxf3 5. gxf3 Qxd5 6. e3 e5 7. Nc3 Bb4 8.
Bd2 Bxc3 9. bxc3 Qd6 10. Rb1 Rb8 11. Rg1 g6 12. f4 exd4 13. cxd4 Nge7 14. Bc4
O-O 15. h4 Nf5 16. h5 b5 17. Bd3 Qe6 18. hxg6 fxg6 19. Qb3 Nfxd4 20. Qxe6+ Nxe6
21. f5 Ne5 22. Be4 Nc5 23. Bd5+ Kg7 24. Bc3 Ncd3+ 25. Ke2 b4 26. Ba1 Rbd8 27.
Bc4 Kh6 28. Rh1+ Kg5 29. f4+ Nxf4+ 30. exf4+ Kxf4 31. Rbf1+ Kg5 32. Bxe5 Rde8
33. Be6 h5 34. Rfg1+ Kh6 35. Rxg6+ Kh7 36. Rxh5# 1-0

[Event "SG SchwÃ¤bisch GmÃ¼nd - TSV SchÃ¶naich 2"]
[Site "?"]
[Date "2022.03.13"]
[Round "7.8"]
[White "Bader, Gerd"]
[Black "Kilinc, Can"]
[Result "0-1"]
[WhiteElo "2043"]
[BlackElo "1937"]
[PlyCount "148"]
[EventDate "2022.??.??"]

1. Nf3 Nf6 2. d3 d5 3. Nbd2 Nc6 4. e4 e5 5. Be2 Bc5 6. O-O O-O 7. c3 a5 8. b3
Re8 9. a3 d4 10. Bb2 dxc3 11. Bxc3 Bg4 12. Qc2 Bxf3 13. Nxf3 Qe7 14. Qb2 Rad8
15. g3 Nd7 16. Kg2 Nf8 17. Rfd1 f6 18. Rdb1 Ne6 19. b4 axb4 20. axb4 Bb6 21. b5
Ncd4 22. Ba5 Qd6 23. Bxb6 Qxb6 24. Ne1 Ra8 25. Rxa8 Rxa8 26. Bg4 Nc5 27. Nf3
Nxd3 28. Qc3 Nxf3 29. Qxd3 Nd4 30. Qc4+ Kh8 31. Rb2 c6 32. Ra2 Rxa2 33. Qxa2
Qd8 34. b6 Nb5 35. Qf7 Nd6 36. Qc7 Qf8 37. Bd7 h6 38. Bxc6 bxc6 39. b7 Nxb7 40.
Qxb7 Qd6 41. h4 c5 42. h5 Qe6 43. Qa8+ Kh7 44. Qa3 Qc4 45. Qf3 Qe6 46. Qc3 c4
47. Kf3 Qc6 48. Ke3 Qc5+ 49. Ke2 Qd4 50. Qf3 Kg8 51. Qf5 Kf7 52. Qg6+ Kf8 53.
Qf5 Qc5 54. Kd2 Ke7 55. Qf3 Kd6 56. Kc2 Kc6 57. Qf5 Kd6 58. Qf3 Qa5 59. Qd1+
Kc6 60. Qf3 Qa2+ 61. Kc1 Qb3 62. Qf5 Kc5 63. Qe6 Qc3+ 64. Kb1 Qd3+ 65. Ka2 Qd2+
66. Kb1 Qe1+ 67. Kb2 Qxf2+ 68. Kb1 Qe1+ 69. Ka2 Qd2+ 70. Ka1 c3 71. Qe7+ Kc4
72. Qe6+ Kd3 73. Qa6+ Ke3 74. Qb6+ Kf3 0-1

[Event "TG Biberach - Stuttgarter SF 2"]
[Site "?"]
[Date "2022.03.13"]
[Round "7.1"]
[White "Beyer, Christian"]
[Black "Sokratov, Stanislav"]
[Result "1-0"]
[WhiteElo "2288"]
[BlackElo "2182"]
[PlyCount "107"]
[EventDate "2022.??.??"]

1. e4 c6 2. d4 d5 3. Nc3 dxe4 4. Nxe4 Nf6 5. Nxf6+ exf6 6. c3 Bd6 7. Bd3 Na6 8.
Ne2 Nc7 9. Qc2 h5 10. O-O h4 11. h3 g6 12. Be3 Nd5 13. Bd2 Be6 14. c4 Ne7 15.
Rad1 Kf8 16. d5 cxd5 17. c5 Bc7 18. Nd4 Kg7 19. b4 Rc8 20. Bc3 Rh5 21. Be2 Rh8
22. Bd3 Bf4 23. Rfe1 Bd7 24. Qe2 Nc6 25. Qf3 Be5 26. Nxc6 Bxc6 27. Bxe5 fxe5
28. Rxe5 Qf6 29. Qxf6+ Kxf6 30. f4 a6 31. Kf2 Rhe8 32. Rde1 Rxe5 33. Rxe5 d4
34. Be4 Bxe4 35. Rxe4 Rd8 36. Ke2 d3+ 37. Kd2 Rd7 38. Rc4 Ke6 39. a4 Kd5 40.
Kxd3 Kc6+ 41. Rd4 Rd5 42. Kc4 Rf5 43. b5+ axb5+ 44. axb5+ Kc7 45. b6+ Kc8 46.
Kb5 Rh5 47. Ra4 Kb8 48. Re4 Rh8 49. Re7 Rf8 50. c6 bxc6+ 51. Kxc6 f6 52. Kd7
Kb7 53. Re8 Rf7+ 54. Ke6 1-0

[Event "TG Biberach - Stuttgarter SF 2"]
[Site "?"]
[Date "2022.03.13"]
[Round "7.3"]
[White "Gabriel, Robert"]
[Black "Mack, Wolfgang"]
[Result "1/2-1/2"]
[WhiteElo "2197"]
[BlackElo "2266"]
[PlyCount "67"]
[EventDate "2022.??.??"]

1. d4 g6 2. e4 Bg7 3. Nc3 d6 4. Nf3 a6 5. a4 b6 6. Bc4 e6 7. O-O Ne7 8. Qe2 O-O
9. Rd1 Bb7 10. Bb3 Nd7 11. Bf4 Qe8 12. h3 h6 13. Bg3 Kh7 14. h4 Rc8 15. Re1 c5
16. dxc5 Nxc5 17. Bxd6 Bxc3 18. bxc3 Nxe4 19. Be5 Nxc3 20. Qd3 Qc6 21. h5 Rfd8
22. Qe3 gxh5 23. Ng5+ Kg6 24. Nf3 Nf5 25. Qf4 Kh7 26. Nh4 Rg8 27. f3 Rg5 28.
Kh2 Rcg8 29. Nxf5 Rxf5 30. Qe3 Rxg2+ 31. Kxg2 Rxe5 32. Qd3+ Rf5 33. Re3 Qc7 34.
Rg1 1/2-1/2

[Event "TG Biberach - Stuttgarter SF 2"]
[Site "?"]
[Date "2022.03.13"]
[Round "7.4"]
[White "Oberst, Thomas"]
[Black "Weidel, Albrecht"]
[Result "1/2-1/2"]
[WhiteElo "2253"]
[BlackElo "2137"]
[PlyCount "72"]
[EventDate "2022.??.??"]

1. c4 e6 2. Nf3 d5 3. d4 c5 4. g3 Nc6 5. Bg2 Nf6 6. O-O Be7 7. cxd5 exd5 8. Nc3
O-O 9. dxc5 Bxc5 10. Bg5 Be6 11. Rc1 Bb6 12. Na4 h6 13. Bf4 Ne4 14. Ne5 Qf6 15.
Nxb6 axb6 16. Nxc6 bxc6 17. Rxc6 Rxa2 18. Rxb6 Rxb2 19. Rxb2 Qxb2 20. Qd3 Ra8
21. Bxe4 dxe4 22. Qxe4 Ra1 23. Rxa1 Qxa1+ 24. Kg2 Qa2 25. f3 Qd5 26. Qd3 h5 27.
Bd2 Qxd3 28. exd3 Kf8 29. Kf2 Ke7 30. Ke3 Kd6 31. Ke4 Bd5+ 32. Kf4 Ke6 33. g4
g6 34. gxh5 gxh5 35. Bc3 Bc6 36. Bg7 Bd5 1/2-1/2

[Event "TG Biberach - Stuttgarter SF 2"]
[Site "?"]
[Date "2022.03.13"]
[Round "7.5"]
[White "Forster, Lukas"]
[Black "Birkenmaier, Rainer"]
[Result "1/2-1/2"]
[WhiteElo "1891"]
[BlackElo "2112"]
[PlyCount "88"]
[EventDate "2022.??.??"]

1. e4 g6 2. d4 Bg7 3. Nc3 c6 4. Be3 d5 5. e5 h5 6. f4 Nh6 7. Nf3 Bg4 8. h3 Bxf3
9. Qxf3 e6 10. Bf2 h4 11. Bd3 Bf8 12. Ne2 Nd7 13. O-O Be7 14. b3 Nf5 15. c4 Qa5
16. a3 dxc4 17. bxc4 Rd8 18. Rfb1 Qc7 19. Be4 f6 20. a4 a5 21. Rd1 Kf7 22. Rac1
Bb4 23. Qg4 Rdg8 24. Bb1 Qc8 25. Rd3 Qe8 26. Rcd1 Qe7 27. Kh1 Rd8 28. Ng1 b5
29. cxb5 cxb5 30. d5 fxe5 31. Nf3 exd5 32. fxe5 Nxe5 33. Nxe5+ Qxe5 34. Bd4
Ng3+ 35. Kh2 Qd6 36. Bxh8 Ne2+ 37. Kh1 Ng3+ 38. Kg1 Rxh8 39. Rxd5 Bc5+ 40. Rxc5
Qxc5+ 41. Kh2 Nf5 42. Rd7+ Ke6 43. Rd1 Qe5+ 44. Kh1 Kf6 1/2-1/2

[Event "TG Biberach - Stuttgarter SF 2"]
[Site "?"]
[Date "2022.03.13"]
[Round "7.6"]
[White "Namyslo, Holger"]
[Black "Migl, Dieter"]
[Result "0-1"]
[WhiteElo "2194"]
[BlackElo "2131"]
[PlyCount "76"]
[EventDate "2022.??.??"]

1. e4 c5 2. Nf3 d6 3. d4 cxd4 4. Nxd4 Nf6 5. Nc3 g6 6. Be3 Bg7 7. f3 O-O 8. Bc4
Nc6 9. Qd2 Bd7 10. O-O-O Qb8 11. h4 b5 12. Nxc6 Bxc6 13. Bd5 Rc8 14. Bxc6 Rxc6
15. h5 b4 16. Nd5 Nxd5 17. exd5 b3 18. axb3 Qxb3 19. c3 Bxc3 20. dxc6 Bxd2+ 21.
Bxd2 Rc8 22. hxg6 Rxc6+ 23. Bc3 Rxc3+ 24. bxc3 Qxc3+ 25. Kb1 hxg6 26. Rhe1 d5
27. Re2 Qb3+ 28. Kc1 Kg7 29. Rdd2 e6 30. Rb2 Qc3+ 31. Rbc2 Qa1+ 32. Kd2 e5 33.
Re1 Qa5+ 34. Kd1 f5 35. Rce2 Kf6 36. Kc2 d4 37. Rd2 Qc3+ 38. Kd1 d3 0-1

[Event "TG Biberach - Stuttgarter SF 2"]
[Site "?"]
[Date "2022.03.13"]
[Round "7.7"]
[White "Gabriel, Josef"]
[Black "Schulze, Andreas"]
[Result "0-1"]
[WhiteElo "2060"]
[BlackElo "2072"]
[PlyCount "102"]
[EventDate "2022.??.??"]

1. e4 Nf6 2. d3 d5 3. Nd2 Nc6 4. Ngf3 Bg4 5. Be2 dxe4 6. dxe4 e5 7. c3 Bc5 8.
O-O h6 9. Qc2 Qe7 10. Nc4 a5 11. Ne3 Bxe3 12. Bxe3 O-O 13. Rfd1 Rfd8 14. h3 Bh5
15. Qa4 Rxd1+ 16. Rxd1 Rd8 17. Rxd8+ Qxd8 18. Kf1 Bxf3 19. gxf3 Qa8 20. Qb5 b6
21. Bc4 Qe8 22. b4 Qd7 23. Kg2 Qd6 24. a3 axb4 25. axb4 Ne7 26. Qa6 Qd8 27. Qa2
Qe8 28. Qd2 Ng6 29. Kf1 Nh5 30. Qa2 Nhf4 31. Bd5 Nxh3 32. Qa8 Qxa8 33. Bxa8
Nhf4 34. Bc6 Kf8 35. c4 Ke7 36. c5 bxc5 37. Bxc5+ Kd8 38. Bb5 Nh4 39. Bc4 Nxf3
40. Bxf7 g5 41. Be3 Ke7 42. Bc4 h5 43. Be2 Nxe2 44. Kxe2 g4 45. Kf1 c6 46. Kg2
h4 47. Bc1 Kd7 48. Be3 Kc8 49. Bc5 Kb7 50. Be7 h3+ 51. Kg3 Ka6 0-1

[Event "TG Biberach - Stuttgarter SF 2"]
[Site "?"]
[Date "2022.03.13"]
[Round "7.8"]
[White "Merk, Tobias"]
[Black "Leitherer, Johannes"]
[Result "1/2-1/2"]
[WhiteElo "2064"]
[BlackElo "1746"]
[PlyCount "63"]
[EventDate "2022.??.??"]

1. e4 e5 2. Nf3 Nc6 3. Bb5 a6 4. Ba4 Nf6 5. d4 exd4 6. O-O Be7 7. Re1 O-O 8. e5
Nd5 9. Bb3 Nb6 10. Nxd4 Nxd4 11. Qxd4 d5 12. exd6 Bxd6 13. Be3 c5 14. Qd1 c4
15. Bxb6 Qxb6 16. Bxc4 Bc5 17. Qf3 Qxb2 18. Nc3 Qxc2 19. Bd3 Bg4 20. Bxc2 Bxf3
21. gxf3 Bd4 22. Nd5 Bxa1 23. Rxa1 Rad8 24. Bb3 Rd6 25. Rc1 Rfd8 26. Ne3 g6 27.
Ng4 R8d7 28. Ne5 Re7 29. Nxf7 Rxf7 30. Rc7 Rdf6 31. Rxb7 Rxf3 32. Bxf7+ 1/2-1/2